Uma aventura na quinta das lágrimas (Registo nº 3862)

Detalhes MARC
000 -Etiqueta do registo
Cabeçalho 01050nam0a2200301 4500
005 - Identificador da versão
Campo de controlo 20240902120408.0
010 ## - Número internacional normalizado dos livros (ISBN)
Número (ISBN) 9722112821
021 ## - Número do Depósito Legal
Código do país PT
Número 141874/99
100 ## - Dados gerais de processamento
Dados gerais de processamento 20170518d2001 de y0pory5003 ba
101 0# - Língua de publicação
Língua do texto, banda sonora, etc. Português
102 ## - Pais de publicação ou produção
País de publicação Portugal
200 1# - Titulo e menção de responsabilidade
Título próprio Uma aventura na quinta das lágrimas
Primeira menção de responsabilidade Ana Maria Magalhães, Isabel Alçada
Outras menções de responsabilidade il. Arlindo Fagundes
205 ## - Menção da edição
Menção da edição 2ª ed
210 ## - Publicação, Distribuição, etc. 
Lugar da edição, distribuição, etc. Lisboa
Nome do editor, distribuidor, etc. Caminho
Data da publicação, distribuição, etc. cop. 1999
Data da impressão imp. 2001
215 ## - Descrição física 
Indicação específica da natureza do documento e extensão da espécie 233, [6] p.
Outras indicações físicas il
225 1# - Colecção 
Título próprio da colecção Uma aventura
Indicação de volume 41
300 ## - Notas gerais 
Texto da nota PNL
314 ## - Notas relativas a responsabilidade intelectual 
Texto da nota Ana Maria Magalhães é pseudónimo de Ana Maria Bastos de Oliveira Martinho
Texto da nota Isabel Alçada é pseudónimo de Maria Isabel Girão de Melo Veiga Vilar
606 ## - Nome comum usado como assunto
Número de registo de entrada de autoridade 0001851
Palavra de ordem Literatura portuguesa
Subdivisão de assunto Romances de aventuras
Código do sistema CA
675 ## - Classificação Decimal Universal (CDU)
Notação 821.134.3-311.3
Edição 3ª ed.
Língua da edição por
700 #1 - Nome de autor-pessoa física (responsabilidade principal)
Número de registo de entrada de autoridade 0001854
Palavra de ordem Magalhães
Outra parte do nome não tomada para palavra de ordem Ana Maria
Elementos de identificação ou distinção pseud.
-- e outro
Datas 1946-
701 #1 - Nome de autor-pessoa física (co-responsabilidade principal)
Palavra de ordem Alçada
Outra parte do nome não tomada para palavra de ordem Isabel
Elementos de identificação ou distinção pseud.
-- e outro
Datas 1950-
Código de função Autor / Co-autor
702 #1 - Nome de autor-pessoa física (responsabilidade secundária)
Número de registo de entrada de autoridade 0000188
Palavra de ordem Fagundes
Outra parte do nome não tomada para palavra de ordem Arlindo
Código de função Ilustrador / Técnico de desenho computorizado
942 ## - Elementos de entrada adicionados (Koha)
Tipo de item no Koha Livro
966 ## - Identificação da Biblioteca
Sigla EBVEN
Exemplares
Situação do levantamento Origin of item (home branch) (coded) Biblioteca de empréstimo Código de barras Cota Circulation type (not for loan) Tipo de documento Nota do exemplar Damaged status
  Biblioteca Escolar das Vendas Biblioteca Escolar das Vendas BEV216 8POR AVE PNL   Livro Sem mensagem